000
00293nam a22001337a 4500
020
_a
817826332-7
082
_a
823
_b
GRI/R
100
_a
BROTHERS GRIMM
245
_a
RUMPELSTILSKIN
260
_a
DELHI
_b
ROHAN BOOK COMPANY
300
_a
220
650
_a
MODERN ILLUSTRATED CLASSICS
942
_c
BK
999
_c
347
_d
347